000 00591nam a2200193Ia 4500
999 _c7909
_d7909
003 OSt
005 20200122114558.0
008 190216s9999||||xx |||||||||||||| ||und||
020 _a9789381335055
040 _coclc
082 _a658.4038011
_bGUP/M
100 _aGupta, Hitesh
_91406
245 0 _aManagement Information System /
_cHitesh Gupta
250 _a2nd ed.
260 _bInternational Book House Pvt Ltd.,
_c2013.
_aAhammedabad:
300 _a437p
650 _aManagement Information Systems
942 _cBK
_2ddc
_h658.4038011
_iGUP/M
_k658.4038011
_mGUP/M